Score 0/18 Timer 02:00
2 Plays Today
Hint 4-Letter Word % Correct
'F' on a gas gauge⚫ FULL ⚫
94.7%
Taurus animalBULL
94%
Earth orbiter⚫ MOON ⚫
93.9%
The Beach Boys' '___ Vibrations'GOOD
93.2%
Sport that involves eagles and bogeysGOLF
92%
Dog-like animal⚫ WOLF ⚫
91.7%
Hammer or chisel, e.g.TOOL
91.6%
Emotional stateMOOD
90.8%
Animated character, for shortTOON
90.5%
Hint 4-Letter Word % Correct
Silly mistakeGOOF
90.3%
Ringlet of hairCURL
90%
Roll up a flagFURL
86.4%
Astronomer SaganCARL
85.7%
Commuter's costTOLL
85.6%
Cotton capsuleBOLL
82.8%
Close attentionCARE
76.3%
'As you ___'⚫ WERE ⚫
74.4%
'Hard' or 'soft' followerWARE
67.2%

Today's Daily Dose

Remove Ads.
Support Sporcle.
Get the best of Sporcle when you Go Orange. This ad-free experience offers more features, more stats, and more fun while also helping to support Sporcle. Thank you for becoming a member.

You're not logged in!

Compare scores with friends on all Sporcle quizzes.
OR
Log In

Show Comments

Extras

Top Quizzes Today


Score Distribution

Your Account Isn't Verified!

In order to create a playlist on Sporcle, you need to verify the email address you used during registration. Go to your Sporcle Settings to finish the process.

Report this User

Report this user for behavior that violates our Community Guidelines.

Details: